- Depresión en la adolescencia
Entry Materia
001 - NÚMERO DE CONTROL DEL REGISTRO
- campo de control: 9739
003 - IDENTIFICADOR DE NUMERO DE CONTROL
- campo de control: UPN
005 - FECHA Y HORA DE LA ÚLTIMA TRANSACCIÓN
- campo de control: 20230207095359.0
008 - DATOS DE LONGITUD FIJA
- campo de control de longitud fija: 230207n||acnnnbabn | ana |d
035 ## - NÚMERO DE CONTROL DEL SISTEMA
- Número de control del sistema: UPN10000009745
040 ## - FUENTE DE LA CATALOGACIÓN
- Centro catalogador de origen: UPN
- Lengua de catalogación: spa
- Agencia de transcripción: UPN
046 ## - FECHAS CON CODIFICACIÓN ESPECIAL
- Fecha final para contenidos agregados: 2023
053 ## - NÚMERO CLASIFICADOR - BIBLIOTECA DEL CONGRESO (LC)
- Elemento numérico de la clasificación - Número único o no. inicial del rango: RJ506 D4
150 ## - ENCABEZAMIENTO - TEMÁTICO
- Término de materia o nombre geográfico como elemento inicial: Depresión en la adolescencia
450 ## - VÉASE - MATERIA
- Encabezamiento temático: Depresión en adolescentes
450 ## - VÉASE - MATERIA
- Encabezamiento temático: Depresión juvenil
550 ## - VÉASE ADEMÁS - MATERIA
- Subcampo de control: g
- Encabezamiento temático o nombre geográfico como elemento de entrada: Psicopatología del adolescente
550 ## - VÉASE ADEMÁS - MATERIA
- Subcampo de control: g
- Encabezamiento temático o nombre geográfico como elemento de entrada: Depresión mental
670 ## - FUENTE EN LA QUE SE LOCALIZARON DATOS
- Cita de la fuente: SHLC
- Información localizada: Depression in adolescence
670 ## - FUENTE EN LA QUE SE LOCALIZARON DATOS
- Cita de la fuente: DGB UNAM, 7 de febrero 2023:
- Información localizada: (Depresión en la adolescencia)
902 ## - CATALOGADOR
- Catalogador: MMA/290508
902 ## - CATALOGADOR
- Catalogador: Víctor Ruiz/070223
